Eros und Tod : literarische Portraits /

Uloženo v:
Podrobná bibliografie
Hlavní autor: Raddatz, Fritz Joachim (Autor)
Médium: Kniha
Jazyk:němčina
Vydáno: Hamburg : Albrecht Knaus, 1980
Tagy: Přidat tag
Žádné tagy, Buďte první, kdo vytvoří štítek k tomuto záznamu!

MARC

LEADER 00000nam a22000007i 4500
001 IT\ICCU\UBO\2246994
003 ItRI
005 20260115231841.0
008 030714s1980 gw |||||| ||||| |||||c
020 |a 3813525554 
040 |b ita  |c importazione bologna sebina 
041 7 |a ger  |2 ISO-639-2 
100 1 |a Raddatz, Fritz Joachim  |0 IT\ICCU\SBLV\134641  |4 aut 
245 1 0 |a Eros und Tod :  |b literarische Portraits /  |c Fritz J. Raddatz. 
260 |a Hamburg :  |b Albrecht Knaus,  |c 1980 
300 |a 274 p. ;  |c 21 cm. 
790 1 |a Raddatz, Fritz J.  |3 IT\ICCU\IEIV\147041  |z Raddatz, Fritz Joachim 
942 |2 ddc  |c BK  |n 0 
952 |0 0  |1 0  |4 0  |6 DOC_809_092000000000000_RAD  |7 0  |9 14243  |a BO  |b BO  |d 2026-01-15  |i 1840  |l 0  |o DOC 809.092 RAD  |p BO1840  |r 2026-01-15 23:18:41  |w 2026-01-15  |x [Sebina 5] [1 v.]  |y BK  |z 1 v. 
999 |c 12293  |d 12293